Commercial Management and Financing of Roads (Record no. 352077)
[ view plain ]
| 000 -LEADER | |
|---|---|
| fixed length control field | 00597nam a22001937a 4500 |
| 003 - CONTROL NUMBER IDENTIFIER | |
| control field | OSt |
| 005 - DATE AND TIME OF LATEST TRANSACTION | |
| control field | 20180116183106.0 |
| 008 - FIXED-LENGTH DATA ELEMENTS--GENERAL INFORMATION | |
| fixed length control field | 170824b xxu||||| |||| 00| 0 eng d |
| 020 ## - INTERNATIONAL STANDARD BOOK NUMBER | |
| International Standard Book Number | 0821342371 |
| 022 ## - INTERNATIONAL STANDARD SERIAL NUMBER | |
| Source | 02537494 |
| 040 ## - CATALOGING SOURCE | |
| Transcribing agency | 0 |
| 082 ## - DEWEY DECIMAL CLASSIFICATION NUMBER | |
| Classification number | 388.114 HEG 1998 |
| 100 ## - MAIN ENTRY--PERSONAL NAME | |
| Personal name | Ian G. Heggie Piers Vickers |
| 245 ## - TITLE STATEMENT | |
| Title | Commercial Management and Financing of Roads |
| Remainder of title | World Bank Technical Paper No. 409 |
| Statement of responsibility, etc. | Ian G. Heggie Piers Vickers |
| 260 ## - PUBLICATION, DISTRIBUTION, ETC. | |
| Place of publication, distribution, etc. | USA |
| Name of publisher, distributor, etc. | World Bank |
| Date of publication, distribution, etc. | 1998 |
| 300 ## - PHYSICAL DESCRIPTION | |
| Extent | 158p. |
| Dimensions | pb |
| 440 ## - SERIES STATEMENT/ADDED ENTRY--TITLE | |
| Title | Commercial Management and Financing of Roads |
| 942 ## - ADDED ENTRY ELEMENTS (KOHA) | |
| Source of classification or shelving scheme | |
| Koha item type | Book |
| Call number prefix | 388.114 HEG 1998 |
| Withdrawn status | Lost status | Source of classification or shelving scheme | Damaged status | Not for loan | Collection code | Permanent Location | Current Location | Shelving location | Date acquired | Total Checkouts | Full call number | Barcode | Date last seen | Date last checked out | Price effective from | Koha item type | Public note |
|---|---|---|---|---|---|---|---|---|---|---|---|---|---|---|---|---|---|
| Central Library (CL) | Central Library (CL) | General Stacks | 08/24/2017 | 2 | 388.114 HEG 1998 | NBS1830 | 11/23/2017 | 08/28/2017 | 08/24/2017 | Book | |||||||
| Write Off | Central Library (CL) | Central Library (CL) | General Stacks | 08/24/2017 | 388.114 HEG 1998 | NBS1890 | 08/24/2017 | 08/24/2017 | Book | No:67/2004/NIMS, Dated:23 August 2004 |
